000 00265nam a2200121 a 4500
005 20140412111328.0
008 110118s19uu xx 00 eng d
050 _aER
_bJa11ob
245 _aAn Obedient boy.
260 _aJapan.
300 _aunp.
999 _c104784
_d104784